00593nam a22001817a 450000500170000001000150001702000260003203500140005803700130007208200080008524500200009325000190011326000420013227001410017430000310031549000350034650000300038120190716130747.0 aENG-125947 a9789353430917c575.00 aEN-109479 bDBAD/PUB a530 aPhysics class-9 aEighth edition aNoida bPearson India Educationc2019 a15th Floor, Tower-B, World Trade Tower, Plot No.I, Block-C, Sector 16bNoida, Uttar Pradesh e201301mcompanysecretary.india@pearson.com avarious paging.c25cm(pbk) aPearsons IIT foundation series aTrishna knowledge systems